<?xml version="1.0" encoding="UTF-8"?>
<record
    xmlns:xsi="http://www.w3.org/2001/XMLSchema-instance"
    xsi:schemaLocation="http://www.loc.gov/MARC21/slim http://www.loc.gov/standards/marcxml/schema/MARC21slim.xsd"
    xmlns="http://www.loc.gov/MARC21/slim">

  <leader>00565nam a22001817a 4500</leader>
  <controlfield tag="005">20250820150255.0</controlfield>
  <datafield tag="010" ind1=" " ind2=" ">
    <subfield code="a">ENG-146475</subfield>
  </datafield>
  <datafield tag="020" ind1=" " ind2=" ">
    <subfield code="c">1500.00</subfield>
    <subfield code="a">9789395276542</subfield>
  </datafield>
  <datafield tag="035" ind1=" " ind2=" ">
    <subfield code="a">EN-130007</subfield>
  </datafield>
  <datafield tag="037" ind1=" " ind2=" ">
    <subfield code="b">DBAD</subfield>
  </datafield>
  <datafield tag="082" ind1=" " ind2=" ">
    <subfield code="a">759.954</subfield>
    <subfield code="2">1</subfield>
  </datafield>
  <datafield tag="100" ind1=" " ind2=" ">
    <subfield code="a">Lama, G.K.</subfield>
    <subfield code="9">84114</subfield>
  </datafield>
  <datafield tag="245" ind1=" " ind2=" ">
    <subfield code="a">Technological Advancement in Sindhu-Saraswati Civilization/</subfield>
    <subfield code="c">G.K. Lama</subfield>
  </datafield>
  <datafield tag="260" ind1=" " ind2=" ">
    <subfield code="a">Varanasi</subfield>
    <subfield code="b">Prachya Vidya Bhawan</subfield>
    <subfield code="c">2024</subfield>
  </datafield>
  <datafield tag="270" ind1=" " ind2=" ">
    <subfield code="a">B5/25 Oudhgarvi, Sonarpura</subfield>
    <subfield code="b">Varanasi</subfield>
    <subfield code="e">221001</subfield>
  </datafield>
  <datafield tag="300" ind1=" " ind2=" ">
    <subfield code="a">vi, 208p.</subfield>
    <subfield code="c">22cm(Hb)</subfield>
    <subfield code="b">col.ill</subfield>
  </datafield>
  <datafield tag="942" ind1=" " ind2=" ">
    <subfield code="2">ddc</subfield>
    <subfield code="c">EN</subfield>
    <subfield code="h">954.954</subfield>
    <subfield code="m">LAM</subfield>
  </datafield>
  <datafield tag="999" ind1=" " ind2=" ">
    <subfield code="c">213036</subfield>
    <subfield code="d">213036</subfield>
  </datafield>
  <datafield tag="952" ind1=" " ind2=" ">
    <subfield code="0">0</subfield>
    <subfield code="1">0</subfield>
    <subfield code="4">0</subfield>
    <subfield code="7">1</subfield>
    <subfield code="8">NFIC</subfield>
    <subfield code="a">DBAD</subfield>
    <subfield code="b">DBAD</subfield>
    <subfield code="d">2025-08-20</subfield>
    <subfield code="e">Delivery of Books Act Division</subfield>
    <subfield code="g">1500.00</subfield>
    <subfield code="l">0</subfield>
    <subfield code="o">954.954 LAM</subfield>
    <subfield code="p">EN-130007</subfield>
    <subfield code="r">2025-08-20 00:00:00</subfield>
    <subfield code="t">1</subfield>
    <subfield code="v">1500.00</subfield>
    <subfield code="w">2025-08-20</subfield>
    <subfield code="y">EN</subfield>
  </datafield>
</record>
